| 000 | 00650cam a22002171 4500 | ||
|---|---|---|---|
| 001 | he 67001873 | ||
| 003 | DLC | ||
| 005 | 20260227111450.0 | ||
| 008 | 890109s1966 is 000 0 heb | ||
| 010 | _ahe 67001873 | ||
| 035 | _a(OCoLC)18993791 | ||
| 040 |
_aDLC _cTxU _dTxU _dDLC |
||
| 042 | _apremarc | ||
| 050 | 0 | 0 |
_aBM506.M63 _bL6 |
| 100 | 1 |
_aLorie, Moshe, _d1936- |
|
| 245 | 1 | 0 |
_aSefer Avne shoham; _bkolel ḥidushim u-veʼurim be-ʻinyene Masekhet Mikvaʼot, _cḥubar ʻa. y. Mosheh Lorie. |
| 260 |
_aYerushalayim, _c727 [1966 or 7] |
||
| 300 |
_a162 p. _c34 cm. |
||
| 630 | 0 | 0 |
_aMishnah. _pMikvaʼot _xCommentaries. |
| 740 | 0 | _aAvne shoham. | |
| 999 |
_c32666 _d32666 |
||